El Presupuesto extraordinario
Colección:
San Jorge,
; núm. 2 (abril 1951), pàg. 43-44
Materias:
Barcelona (Catalunya : Província). -- Diputació -- Assignacions pressupostàries i despeses
Idioma:
Español
MARC
| LEADER | 00000naa a2200000 a 4500 | ||
|---|---|---|---|
| 003 | Arxiu | ||
| 005 | 20260324181032.0 | ||
| 008 | 160829s1951 spc xx s spa c | ||
| 040 | |a agdb | ||
| 245 | 0 | 3 | |a El Presupuesto extraordinario |
| 490 | |a San Jorge, |v núm. 2 (abril 1951), pàg. 43-44 | ||
| 610 | 1 | 0 | |a Barcelona (Catalunya : Província). |b Diputació |x Assignacions pressupostàries i despeses |9 53789 |
| 773 | |t San Jorge. |g Núm. 2 (abril 1951), pàg. 43-44 | ||
| 901 | |a Arxiu | ||
| 942 | |n 1 |2 udc |c ART | ||
| 952 | |0 0 |1 0 |4 0 |7 1 |9 64528 |a Arxiu |b Arxiu |d 2022-11-30 |o Rev-508 |r 2022-11-30 00:00:00 |w 2022-11-30 |y ARXIU |z També disponible a Rev-521 | ||
| 999 | |c 47874 |d 47874 | ||